[Event "Mechanics' Spring TNM; G/2"]
[Site "San Francisco"]
[Date "2015.04.21"]
[Round "6.5"]
[White "Klinetobe, David"]
[Black "Doyle, Bryon"]
[Result "0-1"]
[WhiteElo "2008"]
[BlackElo "2158"]
[PlyCount "118"]
[EventDate "2015.??.??"]

1. e4 e5 2. Nf3 Nc6 3. Bb5 a6 4. Ba4 Nf6 5. O-O Be7 6. Re1 b5 7. Bb3 O-O 8. c3
d5 9. exd5 Nxd5 10. Nxe5 Nxe5 11. Rxe5 c6 12. d3 Bd6 13. Re1 Bf5 14. Qf3 Re8
15. Rxe8+ Qxe8 16. Nd2 Qe1+ 17. Nf1 Bg6 18. g3 Re8 19. Bd1 Qe6 20. Bd2 Nf6 21.
Bb3 Qh3 22. Re1 Rxe1 23. Bxe1 h6 24. Bd2 Bc5 25. Bc2 Ng4 26. Be3 Qxf1+ 27. Kxf1
Nxh2+ 28. Kg2 Nxf3 29. Kxf3 Bxe3 30. Kxe3 c5 31. Bb3 Kf8 32. Bd5 Ke7 33. b4
cxb4 34. cxb4 Kd6 35. Bb7 Bf5 36. Kd4 h5 37. f4 f6 38. Bf3 g6 39. a3 Be6 40.
Bd1 Bf7 41. Ke4 Be8 42. Kd4 g5 43. Ke3 h4 44. gxh4 gxh4 45. Bb3 Bc6 46. Kf2 Bd5
47. Bd1 Be6 48. Bf3 Bf5 49. Be4 Bd7 50. Kg2 Bg4 51. Bb7 Bd7 52. Be4 Be6 53. Bb7
Bd5+ 54. Bxd5 Kxd5 55. Kh3 Kd4 56. Kxh4 Kxd3 57. Kh5 Ke4 58. Kg6 Kxf4 59. Kxf6
Ke4 0-1

[Event "Mechanics' Fall TNM; G/2"]
[Site "San Francisco"]
[Date "2015.11.17"]
[Round "5.13"]
[White "Klinetobe, David"]
[Black "Koga, Micah Kamuel"]
[Result "1-0"]
[WhiteElo "2000"]
[BlackElo "1630"]
[PlyCount "69"]
[EventDate "2015.??.??"]

1. e4 c6 2. d4 d5 3. exd5 cxd5 4. c4 Nf6 5. Nc3 e6 6. Nf3 Nc6 7. c5 Be7 8. a3
b6 9. Bb5 Bd7 10. b4 bxc5 11. bxc5 Ne4 12. Nxe4 dxe4 13. Bxc6 Bxc6 14. Ne5 Bb5
15. a4 Qa5+ 16. Bd2 Bxa4 17. Qxa4+ Qxa4 18. Rxa4 O-O 19. O-O f5 20. Rfa1 Bf6
21. Nd7 Rfc8 22. Nxf6+ gxf6 23. Rxa7 Rab8 24. Bf4 Rb4 25. Ra8 Rb1+ 26. Rxb1
Rxa8 27. Rb8+ Rxb8 28. Bxb8 Kf8 29. g3 Ke7 30. Kf1 Kd7 31. Ke2 Kc6 32. Ke3 e5
33. dxe5 fxe5 34. Bxe5 Kxc5 35. Kf4 1-0

[Event "Mechanics' Leighton Allen TNM; G/2"]
[Site "San Francisco"]
[Date "2015.08.10"]
[Round "2.17"]
[White "Klinetobe, David"]
[Black "Macintyre, Brendan"]
[Result "1-0"]
[WhiteElo "2000"]
[BlackElo "1575"]
[PlyCount "65"]
[EventDate "2015.??.??"]

1. e4 c5 2. Nf3 Nc6 3. d4 cxd4 4. Nxd4 d6 5. c4 Nf6 6. Nc3 g6 7. Be2 Bg7 8. Be3
O-O 9. O-O Bd7 10. Nc2 Rc8 11. f3 a6 12. Rc1 Re8 13. Qd2 Ne5 14. Na3 Be6 15.
Nd5 Nxd5 16. cxd5 Rxc1 17. Rxc1 Bc8 18. Qb4 b5 19. Nc2 Bb7 20. a4 Bc8 21. axb5
axb5 22. Bxb5 Bd7 23. Nd4 Bxb5 24. Qxb5 Qa8 25. Nc6 h5 26. b3 Kf8 27. Na7 Rb8
28. Qa6 Ke8 29. b4 Rd8 30. b5 Nd3 31. Rc7 Nb4 32. Qa4 Qb8 33. b6+ 1-0

[Event "Mechanics' Spring TNM; G/2"]
[Site "San Francisco"]
[Date "2015.04.07"]
[Round "4.11"]
[White "Klinetobe, David"]
[Black "Morgan, Jerry"]
[Result "1-0"]
[WhiteElo "2008"]
[BlackElo "1512"]
[PlyCount "125"]
[EventDate "2015.??.??"]

1. e4 Nf6 2. e5 Nd5 3. d4 d6 4. c4 Nb6 5. exd6 exd6 6. Nc3 Nc6 7. Be3 Be7 8.
Bd3 O-O 9. Nge2 Nb4 10. O-O Nxd3 11. Qxd3 d5 12. c5 Nc4 13. Bc1 Bf6 14. b3 Na5
15. Ba3 Nc6 16. b4 Re8 17. b5 Ne7 18. Ng3 c6 19. Nh5 Nf5 20. Nxf6+ Qxf6 21.
Rfe1 Bd7 22. bxc6 bxc6 23. Rxe8+ Bxe8 24. Rd1 Bd7 25. Bc1 a5 26. Bf4 Nh4 27.
Be5 Qg6 28. Qxg6 Nxg6 29. Bc7 Ne7 30. Bb6 a4 31. a3 Nf5 32. Kf1 Kf8 33. Bc7 Ke8
34. Ne2 Be6 35. Rb1 Ra7 36. Rb8+ Kd7 37. Bb6 Ra6 38. Rh8 h6 39. Rh7 g6 40. g4
Ne7 41. Rh8 Bxg4 42. Rxh6 Bxe2+ 43. Kxe2 Nf5 44. Rh7 Ke6 45. Kd3 Ra8 46. h4 Rg8
47. Bc7 Ke7 48. Be5 Ke6 49. Bf4 f6 50. Rc7 Nxh4 51. Rxc6+ Kf5 52. Bg3 g5 53.
Rd6 Ng2 54. Rxd5+ Kg4 55. c6 Rc8 56. c7 Rxc7 57. Bxc7 Nf4+ 58. Bxf4 Kxf4 59. f3
f5 60. Ra5 g4 61. fxg4 fxg4 62. Ra8 Kf3 63. Rf8+ 1-0

[Event "Mechanics' Winter TNM; 30/90, SD/30"]
[Site "San Francisco"]
[Date "2015.02.03"]
[Round "5.7"]
[White "Klinetobe, David"]
[Black "Potharam, Eitetsu"]
[Result "1/2-1/2"]
[WhiteElo "2008"]
[BlackElo "1850"]
[Annotator "Donaldson"]
[PlyCount "120"]
[EventDate "2015.??.??"]

1. e4 c5 2. Nf3 Nc6 3. d4 cxd4 4. Nxd4 g6 5. c4 Bg7 6. Be3 Nf6 7. Nc3 d6 8. Be2
Bd7 9. O-O O-O 10. Rc1 Rc8 (10... Nxd4 11. Bxd4 Bc6 12. f3 a5 13. b3 Nd7 {
is more commonly seen.}) 11. Qd2 Qa5 12. f3 (12. Nb3) 12... Kh8 (12... a6) 13.
Rfd1 Ne5 14. b3 a6 15. Qb2 Qd8 16. h3 Nc6 17. Qd2 Nxd4 18. Bxd4 Qa5 19. Qd3 Bc6
20. Qe3 Nd7 21. Bxg7+ Kxg7 22. Rc2 Qc5 23. Qd4+ Qxd4+ 24. Rxd4 Nc5 25. Kf2 Rfd8
26. Nd5 Bxd5 27. Rxd5 Ne6 28. Ke3 Rc7 29. Rcd2 Rdc8 30. e5 dxe5 31. Rxe5 Kf6
32. Red5 Rc5 33. f4 Rxd5 34. Rxd5 Rc7 35. g3 (35. g4 $1) 35... h5 36. Bd3 Nc5
37. Bc2 e6 38. Rd8 Rd7 39. Rxd7 Nxd7 40. Be4 b6 41. b4 Ke7 42. Kd4 Kd6 43. Bb7
a5 44. a3 axb4 45. axb4 f6 46. Be4 g5 47. fxg5 fxg5 48. h4 gxh4 49. gxh4 Ke7
50. Bg6 Nf6 51. Ke5 Nd7+ 52. Kf4 Kf6 53. Bxh5 Ne5 54. Be2 Nc6 55. b5 Ne5 56.
Ke4 Nd7 57. Bf3 Nc5+ 58. Kd4 Nd7 59. Bc6 Ne5 60. Be8 Nf3+ 1/2-1/2

[Event "Mechanics' Winter TNM; 30/90, SD/30"]
[Site "San Francisco"]
[Date "2015.01.13"]
[Round "2.16"]
[White "Klinetobe, David"]
[Black "Reyes, Robert"]
[Result "1-0"]
[WhiteElo "2008"]
[BlackElo "1691"]
[Annotator "Donaldson"]
[PlyCount "99"]
[EventDate "2015.??.??"]

1. e4 e6 2. d4 d5 3. Nd2 c5 4. Ngf3 Nc6 5. exd5 exd5 6. Bb5 Nf6 (6... Bd6 7.
O-O Nge7 {is more common.}) 7. O-O Be7 8. dxc5 Bxc5 9. Qe2+ Be6 10. Nb3 Qd6 (
10... Bb6 11. Be3) 11. Nxc5 Qxc5 12. Be3 Qd6 13. Bd4 Qe7 14. Ne5 Rc8 15. Bxa7
O-O 16. Bxc6 bxc6 17. Be3 Qd6 18. Bf4 Rfe8 19. Qf3 Qe7 20. Bg5 c5 21. Bxf6 Qxf6
22. Qxf6 gxf6 23. Nd3 c4 24. Nf4 d4 25. Rfd1 Red8 26. a4 Bf5 27. c3 d3 28. Rd2
Rb8 29. a5 Ra8 30. Nh5 Rd6 31. Ra4 Bg4 32. Nf4 Rc8 33. f3 Bd7 34. Ra3 Bb5 35.
Kf2 Kg7 36. Ne2 dxe2 37. Rxd6 Re8 38. Ke1 Re7 39. a6 Re5 40. a7 Rg5 41. g3 Rh5
42. h4 Rf5 43. a8=Q Bc6 44. Qxc6 Re5 45. Qxc4 h5 46. Ra7 Re6 47. Qxe6 Kg6 48.
Qxf6+ Kh7 49. Qxf7+ Kh8 50. Rd8# 1-0

[Event "Mechanics' Winter TNM; 30/90, SD/30"]
[Site "San Francisco"]
[Date "2015.01.20"]
[Round "3.1"]
[White "Klinetobe, David"]
[Black "Winslow, Elliott"]
[Result "0-1"]
[WhiteElo "2008"]
[BlackElo "2283"]
[PlyCount "92"]
[EventDate "2015.??.??"]

1. e4 c5 2. Nf3 d6 3. d4 cxd4 4. Nxd4 Nf6 5. Nc3 a6 6. Be3 e6 7. Be2 Qc7 8. O-O
b5 9. a3 Bb7 10. Bd3 Nbd7 11. f4 Be7 12. Kh1 O-O 13. Qf3 Rfe8 14. Rae1 Bf8 15.
Qh3 e5 16. Nf5 g6 17. fxe5 Rxe5 18. Bd4 gxf5 19. Bxe5 Nxe5 20. Rxf5 Bg7 21. Qg3
Qe7 22. Rg5 Qf8 23. Rf1 Kh8 24. Rgf5 Nfd7 25. Nd5 Rc8 26. c3 Rc5 27. b4 Rxd5
28. exd5 Bxd5 29. Bb1 Qe7 30. Qh3 Nf8 31. Rh5 h6 32. Qc8 Bb7 33. Qf5 Kg8 34.
Re1 Qc7 35. Qc2 Nfg6 36. Rf5 Qc4 37. Ba2 Qg4 38. Rf2 Nf4 39. Qd2 Ned3 40. Re8+
Bf8 41. Rxf4 Nxf4 42. Rxf8+ Kxf8 43. Qxd6+ Kg8 44. Qb8+ Kh7 45. Bb1+ Ng6 46.
Bxg6+ Qxg6 0-1

[Event "Mechanics' Spring TNM; G/2"]
[Site "San Francisco"]
[Date "2015.03.24"]
[Round "2.15"]
[White "Klinetobe, David"]
[Black "Yamamoto, Shu"]
[Result "1-0"]
[WhiteElo "2008"]
[BlackElo "1668"]
[PlyCount "71"]
[EventDate "2015.??.??"]

1. e4 c6 2. d4 d5 3. exd5 cxd5 4. c4 Nf6 5. Nc3 e6 6. cxd5 Nxd5 7. Nf3 Bb4 8.
Qc2 Nc6 9. a3 Be7 10. Bd3 Nf6 11. O-O O-O 12. Be3 g6 13. Rad1 Nd5 14. Bh6 Re8
15. Rfe1 Bf6 16. Be4 Nce7 17. Ne5 Qa5 18. Ng4 Bg7 19. b4 Qc7 20. Nxd5 Nxd5 21.
Qd3 Qd6 22. Bxd5 Qxd5 23. Bxg7 Kxg7 24. Re5 Qd6 25. Qe3 Qf8 26. Rc1 Bd7 27. Rc7
Bc6 28. Rxe6 Rxe6 29. Qxe6 Re8 30. Qf6+ Kg8 31. h4 Bd5 32. Qf4 Re1+ 33. Kh2 Qd8
34. Nh6+ Kg7 35. Nxf7 Re7 36. Nxd8 1-0

[Event "Mechanics' Leighton Allen TNM; G/2"]
[Site "San Francisco"]
[Date "2015.09.22"]
[Round "8.21"]
[White "Koga, Micah Kamuel"]
[Black "Bayaraa, Chinguun"]
[Result "0-1"]
[WhiteElo "1471"]
[BlackElo "1904"]
[PlyCount "82"]
[EventDate "2015.??.??"]

1. e4 c5 2. Nf3 d6 3. Bb5+ Bd7 4. Nc3 Nf6 5. O-O Bxb5 6. Nxb5 Nxe4 7. d3 Nf6 8.
Re1 e6 9. Bg5 Be7 10. Nc3 O-O 11. Ne4 Nxe4 12. Bxe7 Qxe7 13. Rxe4 f5 14. Re2
Qf6 15. c3 Nc6 16. Qb3 Nd8 17. Rae1 Re8 18. Nd2 Kh8 19. Nc4 e5 20. Ne3 Rb8 21.
Nd5 Qf7 22. c4 Nc6 23. Qd1 Re6 24. f4 Rbe8 25. b3 Nd4 26. Re3 exf4 27. Rxe6
Nxe6 28. Qe2 Nc7 29. Qd2 Nxd5 30. Rxe8+ Qxe8 31. cxd5 Qe3+ 32. Qf2 g5 33. Kf1
Qxd3+ 34. Qe2 Qxe2+ 35. Kxe2 Kg7 36. Kf3 Kf6 37. g4 fxg4+ 38. Kxg4 Ke5 39. Kf3
Kxd5 40. h3 c4 41. bxc4+ Kxc4 0-1

[Event "Mechanics' Fall TNM; G/2"]
[Site "San Francisco"]
[Date "2015.11.24"]
[Round "6.22"]
[White "Koga, Micah Kamuel"]
[Black "Delaney, Will Fred"]
[Result "1-0"]
[WhiteElo "1630"]
[BlackElo "1800"]
[PlyCount "54"]
[EventDate "2015.??.??"]

1. e4 c5 2. Nf3 Nc6 3. d4 cxd4 4. Nxd4 Nf6 5. Nc3 d6 6. Be2 g6 7. Be3 Bg7 8.
Qd2 Ng4 9. Bxg4 Bxg4 10. f3 Bd7 11. O-O-O h5 12. h4 Ne5 13. Kb1 Nc4 14. Qe2
Nxe3 15. Qxe3 Qa5 16. Nb3 Qd8 17. Rhg1 b5 18. Nd5 Be6 19. Rd3 a5 20. Nd4 Bxd5
21. exd5 Bxd4 22. Qxd4 O-O 23. g4 hxg4 24. Qxg4 Rc8 25. h5 Rc4 26. f4 Qc8 27.
Qg5 Qf5 1-0

[Event "Mechanics' Fall TNM; G/2"]
[Site "San Francisco"]
[Date "2015.11.10"]
[Round "4.10"]
[White "Koga, Micah Kamuel"]
[Black "Gaffagan, Steven"]
[Result "1/2-1/2"]
[WhiteElo "1630"]
[BlackElo "2066"]
[PlyCount "91"]
[EventDate "2015.??.??"]

1. e4 c5 2. Nf3 e6 3. d4 cxd4 4. Nxd4 d6 5. Bb5+ Bd7 6. O-O Nf6 7. Nc3 Bxb5 8.
Ndxb5 a6 9. e5 axb5 10. exf6 gxf6 11. Qf3 Nd7 12. Bf4 Qb6 13. Rfe1 h5 14. Qd3
Ne5 15. Bxe5 fxe5 16. Qxb5+ Qxb5 17. Nxb5 Ra4 18. b3 Rg4 19. Rad1 Rhg8 20. g3
h4 21. Kg2 hxg3 22. hxg3 Kd7 23. Rxe5 Kc6 24. Rh5 f5 25. Nd4+ Kd7 26. c4 f4 27.
Nf3 Kc6 28. Nd4+ Kd7 29. Rh3 e5 30. Rh7+ Kc8 31. Ne6 e4 32. Rh3 Be7 33. Re1 e3
34. fxe3 Rxg3+ 35. Rxg3 fxg3 36. Nf4 Bf6 37. Rh1 Be5 38. Rh3 Bxf4 39. exf4 Rg4
40. Rxg3 Rxf4 41. Rg8+ Kc7 42. Rg7+ Kc6 43. Rg5 Rd4 44. Kf3 b6 45. Ke2 Rh4 46.
Rg2 1/2-1/2

[Event "Mechanics' Leighton Allen TNM; G/2"]
[Site "San Francisco"]
[Date "2015.08.25"]
[Round "4.22"]
[White "Koga, Micah Kamuel"]
[Black "Senthilkumar, Pranav"]
[Result "1-0"]
[WhiteElo "1471"]
[BlackElo "1998"]
[PlyCount "75"]
[EventDate "2015.??.??"]

1. e4 c5 2. Nf3 Nc6 3. d4 cxd4 4. Nxd4 e6 5. Nc3 Qc7 6. Be2 Nf6 7. O-O a6 8.
Be3 Bb4 9. Nxc6 Qxc6 10. Bf3 Bxc3 11. bxc3 e5 12. Qd3 b5 13. Rad1 O-O 14. Rfe1
Bb7 15. Bg5 Rfd8 16. Re3 Qe6 17. a3 d6 18. h3 Rac8 19. Rb1 Rc4 20. Rb4 Rdc8 21.
Qd2 h6 22. Bxf6 Qxf6 23. Be2 R4c6 24. a4 Rc5 25. axb5 a5 26. Ra4 d5 27. exd5
Rxd5 28. Bd3 Qd8 29. c4 Rdc5 30. Qc3 Rxb5 31. Rxe5 Qf6 32. Rxa5 Rb1+ 33. Bf1
Qg6 34. Qg3 Qxc2 35. Rab5 Rxc4 36. Rxb1 Qxb1 37. Re8+ Kh7 38. Qd3+ 1-0

[Event "Mechanics' Fall TNM; G/2"]
[Site "San Francisco"]
[Date "2015.10.20"]
[Round "1.35"]
[White "Koga, Micah Kamuel"]
[Black "Starr, Albert Mart"]
[Result "1-0"]
[WhiteElo "1630"]
[BlackElo "1500"]
[PlyCount "57"]
[EventDate "2015.??.??"]

1. e4 e5 2. Nf3 Nf6 3. Nc3 Bb4 4. Bc4 O-O 5. d3 Nxe4 $2 6. dxe4 Bxc3+ 7. bxc3
d6 8. h3 h6 9. O-O Nd7 10. Re1 Nc5 11. a4 Bd7 12. Bb3 Kh8 13. Ba3 Ne6 14. Bxe6
Bxe6 15. Kh2 f5 16. Nxe5 Qf6 17. exf5 dxe5 18. Bxf8 Rxf8 19. fxe6 Qxe6 20. Kg1
e4 21. Qd4 b6 22. c4 c5 23. Qxe4 Qf6 24. Qf3 Qd8 25. Rad1 Qb8 26. Qg3 Qc8 27.
Re7 Rg8 28. Rdd7 Qf8 29. Rf7 1-0

[Event "Mechanics' Leighton Allen TNM; G/2"]
[Site "San Francisco"]
[Date "2015.08.18"]
[Round "3.19"]
[White "Koga, Micah Kamuel"]
[Black "Stearman, Josiah"]
[Result "0-1"]
[WhiteElo "1471"]
[BlackElo "2137"]
[PlyCount "64"]
[EventDate "2015.??.??"]

1. e4 c5 2. Nf3 Nc6 3. Bc4 e6 4. Nc3 g6 5. d4 cxd4 6. Nxd4 d6 7. O-O a6 8. Be3
Bg7 9. Nf3 b5 10. Bd3 Nge7 11. Qd2 Bb7 12. Rab1 O-O 13. Bh6 d5 14. Bxg7 Kxg7
15. e5 f6 16. Rfe1 Qc7 17. exf6+ Rxf6 18. Ng5 e5 19. Qe3 d4 20. Qh3 h6 21. Nce4
hxg5 22. Nxg5 Rh8 23. Ne6+ Rxe6 24. Qxe6 Bc8 25. Qb3 e4 26. Bxe4 Qxh2+ 27. Kf1
Qh1+ 28. Ke2 Bg4+ 29. Bf3 Qxg2 30. Rg1 d3+ 31. Qxd3 Bxf3+ 32. Qxf3 Nd4+ 0-1

[Event "Mechanics' Summer TNM; G/2"]
[Site "San Francisco"]
[Date "2015.07.14"]
[Round "8.7"]
[White "Kokesh, Tim"]
[Black "Argo, Guy M"]
[Result "0-1"]
[WhiteElo "2052"]
[BlackElo "1893"]
[PlyCount "50"]
[EventDate "2015.??.??"]

1. d4 e6 2. e4 c5 3. c3 b6 4. Bd3 d5 5. Nf3 Nf6 6. e5 Nfd7 7. Qe2 Be7 8. O-O
Nc6 9. Nbd2 Bb7 10. Re1 g5 11. dxc5 bxc5 12. Nf1 g4 13. N3d2 Ndxe5 14. Bb5 Bd6
15. Nb3 a6 16. Nxc5 Bxc5 17. Qxe5 Rg8 18. Bxc6+ Bxc6 19. Qh5 Qf6 20. Be3 Bd6
21. Bd4 Qg6 22. Qh4 Kd7 23. Rac1 f5 24. Nd2 f4 25. Be5 Be7 0-1

[Event "Mechanics' Leighton Allen TNM; G/2"]
[Site "San Francisco"]
[Date "2015.09.08"]
[Round "6.9"]
[White "Kokesh, Tim"]
[Black "Hakobyan, Sos"]
[Result "0-1"]
[WhiteElo "2052"]
[BlackElo "1848"]
[Annotator "Donaldson"]
[PlyCount "37"]
[EventDate "2015.??.??"]

1. d4 e6 2. Nf3 c5 3. e4 cxd4 4. c3 dxc3 5. Nxc3 d6 6. Bc4 a6 7. O-O Be7 8. Qe2
Nf6 9. Rd1 Qc7 10. Bf4 e5 11. Bg5 O-O 12. Rac1 Nc6 13. Bxf6 Bxf6 14. Nd5 Qd8
15. h3 Be6 16. Ne3 Nd4 17. Nxd4 exd4 18. Nc2 $2 (18. Nd5) 18... Rc8 19. Nxd4
0-1

[Event "Mechanics' Summer TNM; G/2"]
[Site "San Francisco"]
[Date "2015.05.26"]
[Round "1.9"]
[White "Kokesh, Tim"]
[Black "Lagrotta, Daniel S"]
[Result "1-0"]
[WhiteElo "2052"]
[BlackElo "1592"]
[PlyCount "83"]
[EventDate "2015.??.??"]

1. d4 Nf6 2. Nf3 g6 3. Bf4 d5 4. e3 Bf5 5. c4 c6 6. Nc3 Bg7 7. h3 Na6 8. cxd5
Nxd5 9. Bg3 Nab4 10. e4 Nxc3 11. bxc3 Nxa2 12. exf5 Nxc3 13. Qd3 Nb5 14. fxg6
hxg6 15. Be5 Bxe5 16. dxe5 Qxd3 17. Bxd3 Nc7 18. O-O O-O 19. Be4 e6 20. g4 Nd5
21. Kg2 Rfc8 22. h4 Kf8 23. Kg3 Ke7 24. Rh1 b5 25. Ra6 Nb4 26. Ra5 a6 27. Rb1
Nd5 28. Rba1 Nb4 29. Nd4 Kd7 30. Nxb5 cxb5 31. Bxa8 Rxa8 32. h5 gxh5 33. gxh5
Rg8+ 34. Kh4 Ke7 35. Rd1 Nd5 36. Rxa6 Rg2 37. Ra7+ Kf8 38. f4 Nxf4 39. Rf1 Nd5
40. Rfxf7+ Kg8 41. Rfb7 Rf2 42. Ra8+ 1-0

[Event "Mechanics' Summer TNM; G/2"]
[Site "San Francisco"]
[Date "2015.06.30"]
[Round "6.20"]
[White "Kokesh, Tim"]
[Black "Nyangar, Enkhmaa"]
[Result "1-0"]
[WhiteElo "2052"]
[BlackElo "1708"]
[PlyCount "69"]
[EventDate "2015.??.??"]

1. d4 Nf6 2. Nf3 g6 3. Bf4 Bg7 4. e3 b6 5. h3 Bb7 6. Be2 c5 7. O-O cxd4 8. exd4
O-O 9. c4 d6 10. Nc3 Nbd7 11. Bh2 Rc8 12. d5 Nc5 13. Qc2 a5 14. Rad1 Re8 15.
Nd4 Nfd7 16. a3 Ne5 17. b4 axb4 18. axb4 Ncd7 19. Qb3 Ba6 20. Ncb5 Nf6 21. f4
Ned7 22. Nc6 Rxc6 23. dxc6 Nf8 24. Qa4 Bc8 25. Bf3 Ne6 26. f5 gxf5 27. Kh1 Ng5
28. c5 bxc5 29. bxc5 d5 30. Bc7 Nxf3 31. Rxf3 Ne4 32. Bxd8 Rxd8 33. Qa5 Re8 34.
Rxd5 e6 35. Rd8 1-0

[Event "Mechanics' Leighton Allen TNM; G/2"]
[Site "San Francisco"]
[Date "2015.08.25"]
[Round "4.10"]
[White "Kokesh, Tim"]
[Black "Sarafian, Greg M"]
[Result "1-0"]
[WhiteElo "2052"]
[BlackElo "1913"]
[PlyCount "137"]
[EventDate "2015.??.??"]

1. d4 Nf6 2. c4 e6 3. Nf3 b6 4. g3 Bb7 5. Bg2 Be7 6. O-O O-O 7. d5 exd5 8. Nd4
Nc6 9. cxd5 Nxd4 10. Qxd4 Bc5 11. Qd3 a5 12. Nc3 Ba6 13. Qf3 Rb8 14. Re1 Bb7
15. Bf4 b5 16. e4 b4 17. Na4 Be7 18. Rad1 d6 19. b3 Nd7 20. Nb2 Ba6 21. Bf1
Bxf1 22. Kxf1 f5 23. e5 dxe5 24. Bxe5 Nxe5 25. Rxe5 Bf6 26. Re2 Ra8 27. Nd3 f4
28. Nxf4 Bg5 29. Re4 Qd6 30. Re6 Rxf4 31. gxf4 Qxf4 32. Qxf4 Bxf4 33. Kg2 a4
34. Rd4 Bd6 35. Rxd6 axb3 36. axb3 cxd6 37. Rxb4 Ra5 38. Rd4 Kf7 39. b4 Ra2 40.
Rf4+ Ke7 41. Kf3 Ra3+ 42. Ke4 Rh3 43. Kd4 Rxh2 44. Kc4 h5 45. Kb5 g5 46. Rf5
Rg2 47. f4 h4 48. fxg5 h3 49. g6 h2 50. Rh5 Kf6 51. Kc6 Kxg6 52. Rh8 Kg7 53.
Rh3 Rb2 54. b5 Kf6 55. b6 Ke5 56. Rh5+ Ke4 57. b7 Rc2+ 58. Kxd6 Rb2 59. Rh4+
Kf5 60. b8=Q Rxb8 61. Rxh2 Kf6 62. Rf2+ Kg7 63. Kc7 Rb1 64. d6 Rc1+ 65. Kd8 Rd1
66. d7 Rd3 67. Rf5 Rd1 68. Kc7 Kg6 69. Rc5 1-0

[Event "Mechanics' Spring TNM; G/2"]
[Site "San Francisco"]
[Date "2015.04.21"]
[Round "6.37"]
[White "Kondakov, Adrian"]
[Black "Casares Jr, Nick"]
[Result "1-0"]
[WhiteElo "1251"]
[BlackElo "1600"]
[PlyCount "47"]
[EventDate "2015.??.??"]

1. d4 d5 2. c4 dxc4 3. e3 e5 4. Bxc4 e4 5. Qb3 Qd7 6. Nc3 Nf6 7. Nge2 c6 8. Ng3
b5 9. Be2 Qe7 10. Qc2 g6 11. Ncxe4 Bg7 12. Nxf6+ Qxf6 13. O-O O-O 14. Bd2 Na6
15. Rac1 Bd7 16. Ne4 Qe7 17. Nc5 Nxc5 18. Qxc5 Qe6 19. a3 a5 20. Bf3 Rfc8 21.
Bc3 f5 22. d5 cxd5 23. Qxd5 Ra6 24. Qxe6+ 1-0

[Event "Mechanics' Leighton Allen TNM; G/2"]
[Site "San Francisco"]
[Date "2015.09.29"]
[Round "9.22"]
[White "Kondakov, Adrian"]
[Black "Gupta, Vishrut"]
[Result "1-0"]
[WhiteElo "1536"]
[BlackElo "1608"]
[PlyCount "71"]
[EventDate "2015.??.??"]

1. d4 d5 2. c4 e6 3. Nc3 Nf6 4. Bg5 Be7 5. Nf3 b6 6. e3 Bb7 7. Bd3 h6 8. Bh4
Nbd7 9. O-O Ne4 10. Bxe7 Qxe7 11. Bxe4 dxe4 12. Nd2 Nf6 13. Qc2 c5 14. dxc5
Qxc5 15. Ncxe4 Nxe4 16. Nxe4 Qc6 17. f3 O-O 18. Rfd1 Rac8 19. Nd6 Rcd8 20. Nxb7
Qxb7 21. Qc3 Qc7 22. Rac1 Rd6 23. Rxd6 Qxd6 24. Qd4 Rd8 25. Rd1 Qxd4 26. Rxd4
Rxd4 27. exd4 Kf8 28. Kf2 Ke7 29. Ke3 Kd6 30. b4 f6 31. a4 Kc6 32. Ke4 a6 33.
b5+ axb5 34. axb5+ Kd6 35. f4 g5 36. f5 1-0

[Event "Mechanics' Leighton Allen TNM; G/2"]
[Site "San Francisco"]
[Date "2015.08.25"]
[Round "4.17"]
[White "Kondakov, Adrian"]
[Black "Handler, Andrew To"]
[Result "0-1"]
[WhiteElo "1536"]
[BlackElo "1730"]
[Annotator "Donaldson"]
[PlyCount "72"]
[EventDate "2015.??.??"]

1. d4 e6 2. c4 f5 3. g3 Nf6 4. Bg2 Bb4+ 5. Bd2 Be7 6. Nf3 O-O 7. O-O d5 8. Nc3
c6 9. e3 Ne4 10. Ne5 Nd7 11. Nxd7 Qxd7 12. Nxe4 fxe4 13. b3 Qe8 14. f3 exf3 15.
Bxf3 Qg6 16. Qe2 Bd7 17. e4 Rxf3 18. Qxf3 dxe4 19. Qe3 e5 20. Rfe1 Bf5 21. dxe5
b6 22. b4 Rd8 23. Qf2 Bg4 24. a3 Bf3 25. Rac1 Qe6 26. Bf4 Qg4 27. Rc3 Rf8 28.
Qd2 Qh3 29. Rf1 $2 {Diagram #} (29. Be3) 29... Rxf4 $1 30. Rc2 (30. gxf4 e3 $1
(30... Qg4+ 31. Kf2 Qg2+ 32. Ke3 Qxf1 $19) 31. Rxf3 exd2 32. Rxh3 d1=Q+ 33. Kf2
Qd2+ 34. Kg1 Qxf4 $19) 30... Rf8 31. Qe3 h6 32. Qe1 Bg5 33. Rcf2 Rd8 34. Rxf3
exf3 35. Rxf3 Rd2 36. Qf1 Qxh2# 0-1

[Event "Mechanics' Spring TNM; G/2"]
[Site "San Francisco"]
[Date "2015.04.07"]
[Round "4.37"]
[White "Kondakov, Adrian"]
[Black "Ho, Steve"]
[Result "0-1"]
[WhiteElo "1251"]
[BlackElo "1636"]
[PlyCount "120"]
[EventDate "2015.??.??"]

1. d4 e6 2. c4 c5 3. Nf3 cxd4 4. Nxd4 Nf6 5. Nc3 d5 6. e3 Be7 7. Bd3 e5 8. Nc2
e4 9. Be2 dxc4 10. Qxd8+ Bxd8 11. Bxc4 Nc6 12. O-O O-O 13. Bd2 Bf5 14. Rac1 a6
15. a4 Ba5 16. Rfd1 Rfd8 17. Be1 Ne5 18. Rxd8+ Rxd8 19. Ba2 Nd3 20. Rb1 Ng4 21.
Nd5 Nxe1 22. Nxe1 Be6 23. Nc3 Bxa2 24. Nxa2 Rd2 25. f3 Nxe3 26. fxe4 Bb6 27.
Kh1 Rf2 28. h3 Rf1+ 29. Kh2 Bc7+ 30. g3 Rf2+ 31. Kg1 Bxg3 32. Nd3 Rg2+ 33. Kh1
Rh2+ 34. Kg1 Rxh3 35. Rc1 h5 36. Rc8+ Kh7 37. Nc5 Rh2 38. Nd3 Rd2 39. Rc1 Rxd3
40. Nc3 h4 41. Ne2 Rd1+ 42. Rxd1 Nxd1 43. Nxg3 hxg3 44. b4 Nc3 45. e5 Nxa4 46.
Kg2 Kg6 47. Kxg3 Kf5 48. Kf3 Kxe5 49. Ke3 Kd5 50. Kd3 g5 51. Ke3 Kc4 52. Ke4
Kxb4 53. Kf5 Nc5 54. Kxg5 a5 55. Kf6 a4 56. Kxf7 a3 57. Ke7 a2 58. Kd6 a1=Q 59.
Ke7 Qe5+ 60. Kf7 Kc4 0-1

[Event "Mechanics' Summer TNM; G/2"]
[Site "San Francisco"]
[Date "2015.06.09"]
[Round "3.22"]
[White "Kondakov, Adrian"]
[Black "McKellar, Daniel"]
[Result "1-0"]
[WhiteElo "1501"]
[BlackElo "1642"]
[PlyCount "117"]
[EventDate "2015.??.??"]

1. d4 d5 2. c4 c6 3. cxd5 cxd5 4. Nf3 Nc6 5. Nc3 Nf6 6. Bf4 Bf5 7. e3 a6 8. Qb3
Na5 9. Qa4+ Bd7 10. Qc2 Rc8 11. Qd1 Bf5 12. Bd3 Bxd3 13. Qxd3 e6 14. O-O Bd6
15. Bxd6 Qxd6 16. Na4 O-O 17. Nc5 Rc7 18. b4 Nc4 19. Nd2 Ng4 20. g3 e5 21. Nxc4
dxc4 22. Qxc4 Qh6 23. h4 b6 24. dxe5 Nxe3 25. fxe3 Qxe3+ 26. Kg2 bxc5 27. Qxa6
cxb4 28. Rae1 Qd2+ 29. Re2 Qd5+ 30. Rf3 Rc3 31. Ref2 Rxf3 32. Rxf3 Qxe5 33. Qc4
Qe6 34. Qxe6 fxe6 35. Rxf8+ Kxf8 36. Kf3 Ke7 37. Ke4 Kd6 38. Kd4 h5 39. Kc4 e5
40. Kxb4 Kd5 41. Kc3 Ke4 42. a4 Kf3 43. a5 e4 44. a6 e3 45. a7 Kxg3 46. a8=Q e2
47. Kd2 Kxh4 48. Qh1+ Kg5 49. Kxe2 g6 50. Kf3 h4 51. Qh3 Kh5 52. Qg4+ Kh6 53.
Qxh4+ Kg7 54. Kf4 Kf7 55. Ke5 Kf8 56. Ke6 Kg7 57. Qg5 Kh7 58. Kf7 Kh8 59. Qh4#
1-0

[Event "Mechanics' Spring TNM; G/2"]
[Site "San Francisco"]
[Date "2015.03.24"]
[Round "2.41"]
[White "Kondakov, Adrian"]
[Black "Morgan, Jerry"]
[Result "0-1"]
[WhiteElo "1251"]
[BlackElo "1512"]
[Annotator "Donaldson"]
[PlyCount "114"]
[EventDate "2015.??.??"]

1. d4 d5 2. c4 c6 3. cxd5 cxd5 4. Nf3 Nf6 5. Nc3 Nc6 6. Bf4 Qb6 7. Na4 Qb4+ 8.
Bd2 Qd6 9. e3 Bf5 10. Rc1 a6 11. Be2 Ne4 12. O-O e6 13. Be1 Be7 14. Nd2 O-O 15.
Nxe4 Bxe4 16. Nc5 Rab8 17. Nxe4 dxe4 18. f3 Bg5 19. Rc3 Qd5 20. Bc4 {Diagram #}
Bxe3+ $1 21. Rxe3 Qxc4 22. Rxe4 Qxa2 23. Qc2 Ne7 24. Bc3 Qd5 25. Re5 Qc6 26.
Rc5 Qd7 27. Rg5 Nf5 $2 (27... Nd5 $19) 28. d5 Qxd5 29. Qxf5 (29. Bxg7 $1) 29...
Qxf5 30. Rxg7+ Kh8 31. Rg5+ f6 32. Rxf5 exf5 33. Rd1 Kg7 34. Kf2 Rbd8 35. Ra1
Rd5 36. g3 Rfd8 37. Ke2 Re8+ 38. Kf2 Kg6 39. f4 Re6 40. Rc1 h5 41. h4 Rd3 42.
Rg1 Ree3 43. Be1 Rb3 44. Bc3 Re6 (44... Rexc3 45. bxc3 Rxc3) 45. Rd1 Kf7 46.
Rd5 Rb5 47. Rd7+ Kg6 48. Rc7 Reb6 49. Rd7 Rxb2+ 50. Bxb2 Rxb2+ 51. Kf3 a5 52.
Rd8 a4 53. Ra8 b5 54. Ra5 Rb3+ 55. Kf2 a3 56. Ke2 b4 57. Kd2 Rxg3 0-1